Hacılar, seyyahlar, misyonerler ve İzmir (Record no. 3082)

MARC details
000 -BAŞLIK
Sabit Uzunlukta Kontrol Alanı 00912na a2200265 4500
001 - KONTROL NUMARASI
Denetim Alanı 15314
003 - KONTROL NUMARASI IDENTIFIER
Denetim Alanı MIRAKIL
005 - SON İŞLEM TARİHİ VE ZAMANI
Denetim Alanı 20181213154919.0
008 - SABİT-BOY VERİ ELEMANLARI - GENEL BİLGİLER
Sabit Uzunlukta Kontrol Alanı 160907b tu 000 0
020 ## - ULUSLARARASI STANDART KİTAP NUMARASI
Uluslararası Standart Kitap Numarası 9751800498
035 ## - SİSTEM KONTROL NUMARASI
Sistem Kontrol Numarası 15314
040 ## - KATALOGLAMA KAYNAK
Orijinal Kataloglama Ajansı Milas
Kataloglama Dili tur
Metne Dönüştürmek Ajansı TR-AnCHP
082 ## - DEWEY ONLU SINIFLANDIRMA NUMARASI
Sınıflandırma Numarası 956.211
Ürün Numarası P45i
090 ## - SINIFLAMA NUMARASI
Sınıflama Numarası 956.211 P45i 2001
100 ## - ANA GİRİŞ - KİŞİSEL İSİM
Kişisel Ad Pınar, İlhan
Bir Adıyla İlişkilendirilen Tarihler 1958 -
245 ## - BAŞLIK TABLOSU
Başlık Hacılar, seyyahlar, misyonerler ve İzmir
Başlığın Kalan Yabancıların gözüyle Osmanlı döneminde İzmir: 1608 -1918
246 ## - UNVAN FORM VARYING
Başlık Doğru / Kısa Başlığı Yabancıların gözüyle Osmanlı döneminde İzmir: 1608 -1918
260 ## - YAYIN, DAĞITIM, VB
Yayın, Dağıtım, Vb Yeri İzmir
Yayıncı, Dağıtıcı, Vs Adı İzmir Büyükşehir Belediyesi Kültür Yayını
Yayın, Dağıtım, Vb Tarihi 2001
300 ## - FİZİKSEL TANIM
Kapsam xııı, 382 s.
Diğer Fiziksel Ayrıntıları res. ; fotg.
Boyutlar 30 sm.
490 ## - SERİSİ TABLOSU
Seri Beyanı İzmir Büyükşehir Belediyesi Kent Kitaplığı dizisi
Hacim / Ardışık Tanımı 11
504 ## - KAYNAKÇA VB NOT
Kaynakça Vb Notu Kaynakça var.
650 ## - KONU KATMA GİRİŞ - TOPİKAL DÖNEM
Topikal Süreli Veya Coğrafi Ad Giriş Elemanı Gezi ve tanıtım
Genel Alt Bölümü Tarih
Coğrafi Alt Bölümü İzmir
651 ## - KONU KATMA GİRİŞ - COĞRAFİ ADI
Coğrafi İsim İzmir
Genel Alt Bölümü Tarih
942 ## - EKLENDİ GİRİŞ ELEMANLARI (KOHA)
Sınıflandırma Veya Raf Düzeni Kaynak Dewey Decimal Classification
Koha Öğesi Türü Books
999 ## - SİSTEM KONTROL NUMARALARI (KOHA)
Koha Biblionumber 3082
Koha Biblioitemnumber 3082
Holdings
Kalıcı Konum Mevcut Konum Edinme Tarihi Edinim Kaynak Toplam Check-Out'Lar Tam Çağrı Numarası Barkod Tarih Son Görülme Kopya Sayısı İtibaren Geçerli Fiyatlar Koha Öğesi Türü
CHP Kütüphanesi CHP Kütüphanesi 10/08/2016 Bağış   956.211 P45i 2001 005254 10/08/2016 k.3 10/08/2016 Books
CHP Kütüphanesi CHP Kütüphanesi 09/07/2016 Bağış   956.211 P45i 2001 005507 09/07/2016   09/07/2016 Books